000 01003nam a2200241Ia 4500
999 _c34710
_d34710
001 497
003 GE_BSU
005 20200203170826.0
008 181216s2007||||ge |||||||||||||| ||geo||
020 _a9789994091263
040 _cGE_BSU
041 _ageo
080 _a338.22+336 შ-55
100 _aშეფერი, ბოდო
_96731
245 _aწინსვლა ფინანსური წარმატებისკენ /
_cბოდო შეფერი ; [თარგმნა ნანა მოსაშვილმა ; რედ. ზურაბ ქობალია].
264 _aთბილისი :
_bზენაარი,
_c2007.
300 _a63 გვ. ;
_b19 სმ.
653 _aბიზნესი
653 _a ფინანსები
700 _aმოსაშვილი, ნანა
_eმთარგმნელი
_96496
700 _a ქობალია, ზურაბ
_eრედაქტორი
_96732
942 _cBK
_2udc